• 首页
  • 本馆介绍
  • 公告通知
  • 最新文献
  • 馆藏检索
  • 电子资源
  • 读者导购
  • 参考咨询
  • 我的图书馆
  • 登录
  • 详细信息显示
  • 放入我的书架
  • 预约/预借图书
  • 作者相关作品
  • 分类相关作品
  • 丛书相关作品
  • 出版社相关作品

书目信息

  • 表格格式
  • 工作单格式
  • 卡片格式
题名:
辛几何引论
    
 
作者: 邹异明 , 柯歇尔 著
分册:  
出版信息: 北京   科学出版社  1986
页数: 143页
开本: 20cm
丛书名: 现代数学基础丛书
单 册:
中图分类: O181
科图分类:
主题词: 辛几何 , 拓扑 , 几何
电子资源:
ISBN:
000 00874nam2 2200301 45
001 0186011445
005 20060510151131.45
010    @b精装@dCNY2.20
091    @a13031.3081
100    @a19900818d1986 em y0chiy0121 ea
101 1  @achi@ceng
102    @aCN@b110000
105    @ay z 000yy
200 10 @a辛几何引论@Axin ji he yin lun@fJ·柯歇尔, 邹异明著@FJ·ke xie er,zou yi ming zhu
210    @a北京@c科学出版社@d1986
215    @a143页@d20cm
225 2  @a现代数学基础丛书
300    @a辛几何是近十几年发展起来的新的重要数学分支, 该书是辛几何(辛流形)的入门性读物
410  0 @120010@a现代数学基础丛书
606    @a辛几何
606 0  @a拓扑
606 0  @a几何
690    @aO181@v3
701  0 @a邹异明@Azou yi ming@4著
701  0 @a柯歇尔@Ake xie er@bJ.@4著
801  2 @aCN@bNLC@c20060510
801  0 @aCN@b深圳图书馆@c20040524
905    @dO181@e12
    
    辛几何引论/J·柯歇尔, 邹异明著.-北京:科学出版社,1986
    143页;20cm.-(现代数学基础丛书)
    辛几何是近十几年发展起来的新的重要数学分支, 该书是辛几何(辛流形)的入门性读物
    
    ISBN (精装):CNY2.20
    
●
相关链接 在E读中查询图书 在五车中查询图书 在当当中查询图书 在豆瓣中查询图书


正题名:辛几何引论     索取号:O181/12         预约/预借

序号 登录号 条形码 馆藏地/架位号 状态 备注
1 0165210   202309769   密集书库/ [索取号:O181/12] 在馆    
2 0165211   000399045   第三借阅区/ [索取号:O181/12] 在馆    
3 0228143   000399072   密集书库/ [索取号:O181/12] 在馆    
4 0291152   002911521   密集书库/ [索取号:O181/12] 在馆    
5 0291153   002911530   密集书库/ [索取号:O181/12] 在馆    
6 0291154   002911549   第三借阅区/ [索取号:O181/12] 在馆    
7 0291155   002911558   密集书库/ [索取号:O181/12] 在馆    
唐山师范学院图书馆 欢迎您!
大连网信软件有限公司© 版权所有